000 01017nam a2200277Ia 4500
003 OSt
005 20220923211557.0
006 a|||||r|||| 00| 0
007 ta
008 220922b |||||||| |||| 00| 0 hin d
020 _a9789386007261 (hbk)
_c695
024 _a324,639
037 _b69, 10/03/2018, Mallika Books
_cTextual
040 _aARTS
_cARTS
_bhin
041 _2hin
_ahin
082 _aO152,3N:g, Q7
100 _aठाकुर, अल्का, ले.
245 0 _aअंतिम दशक और हिन्दी उपन्यास
246 _aAantim dashak aur hindī upanyāsa
260 _aनई दिल्ली
_b स्वाक्षर प्रकाशन
_c2017
300 _a234पृ.
_ccm.
650 _a हिन्दी साहित्य
_9156264
650 _aहिन्दी कहानी
942 _hO152,3N:g, Q7
_cTEXL
_2CC
999 _c300952
_d300952